Countries that border Brazil - Statistics

General Stats
  • This quiz has been taken 20 times
  • The average score is 9 of 10
Answer Stats
Kilometres Country % Correct
1,261 Argentina
100%
730 French Guiana
100%
1,365 Paraguay
100%
1,068 Uruguay
100%
1,644 Colombia
94%
1,606 Guyana
94%
2,995 Peru
94%
593 Suriname
94%
2,200 Venezuela
94%
3,423 Bolivia
76%
No matching quizzes found
Score Distribution
Percent of People with Each Score
Percentile by Number Answered
Your Score History
You have not taken this quiz